| 000 | 00378nam a2200121Ia 4500 | ||
|---|---|---|---|
| 008 | 220916s9999 xx 000 0 und d | ||
| 020 | _a978-81-312-3272-9 | ||
| 245 | 4 | _aTHE UNITED STATES PHARMACOPEIA THE NATIONAL FORMULARY, USP36 NF 31 VOL-3 | |
| 260 |
_bUNITED STATES PHARMACOPEIAL CONVENTION, ROCKVILLE _c2012 |
||
| 300 | _a5642 | ||
| 650 | _aRegulatory Affairs | ||
| 942 | _cBK | ||
| 999 |
_c86897 _d86897 |
||